000 00246nam a2200097Ia 4500
005 20251222154428.0
008 251222s9999||||xx |||||||||||||| ||spa||
082 _aREF.985.008/C76/T.XV/V.III
245 0 _aPrimer Congreso Constituyente
942 _cLIB
999 _c36296
_d36296